Meltdown / (Registro nro. 10222)

Detalles MARC
000 -LIDER
fixed length control field 00629nam a22002297a 4500
001 - NÚMERO DE CONTROL
Identificador de número de control 000052521
003 - IDENTIFICACDOR DE NÚMERO DE CONTROL
control field DO-SdBNP
005 - DATE AND TIME OF LATEST TRANSACTION
control field 20160525142739.0
008 - ELEMENTOS DE LONGITUD FIJA
fixed length control field 160525b2006 nyu xxu||||| |||| 00| 0 spa d
020 ## - ISBN
International Standard Book Number 0439848733
040 ## - FUENTE DE CATALOGACIÓN
Agencia que crea de manera original el registro BPMSU
Idioma de catalogación spa
Agencia que realiza la transcripción BPMSU
092 ## - LOCALLY ASSIGNED DEWEY DECIMAL CALL NUMBER
Número de clasificación xxxxx
Número de ítem (Cutter) xxxxx
100 1# - ASIENTO PRINCIPAL -- NOMBRE PERSONAL
Nombre personal Wasserman, Robin
245 10 - MENCIÓN DE TITULO
Título Meltdown /
Mención de responsabilidad adapted by Robin Wasserman.
260 ## - PUBLICACIÓN, DISTRIBUCIÓN, ETC. (PIE DE IMPRENTA)
Lugar de publicación, distribución, etc New York :
Nombre del editor, distribuidor, etc. Scholastic,
Fecha de publicación, distribución, etc 2006.
300 ## - DESCRIPCIÓN FÍSICA
Extensión 107 p. :
Materiales especificados il. ;
Enlace 20 cm.
490 1# - MENCIÓN DE SERIES
Mención de serie Unfabulous!
500 ## - NOTA GENERAL
Nota general Ficción, Público juvenil
830 ## - ASIENTO SECUNDARIO DE SERIE--TÍTULO UNIFORME
Nombre de la parte o sección de una obra Unfabulous
942 ## - ADDED ENTRY ELEMENTS (KOHA)
Source of classification or shelving scheme Dewey Decimal Classification
Koha item type Libros
956 ## - LOCAL ELECTRONIC LOCATION AND ACCESS (OCLC)
Método de acceso LOPEREZ
Materiales especificados 10
Enlace 20160525
Campo enlazado y núm. de secuencia BPMSU
Nombre de host 00041
Existencias
Withdrawn status Lost status Source of classification or shelving scheme Damaged status Not for loan Collection code Home library Current library Date acquired Source of acquisition Total Checkouts Barcode Date last seen Price effective from Koha item type
    Dewey Decimal Classification       Biblioteca Pública Metropolitana Salomé Ureña Biblioteca Pública Metropolitana Salomé Ureña 05/25/2016 FUNDI   BPMSU16050449 05/25/2016 05/25/2016 Libros